Ingeniería de herramientas / (Record no. 107905)

MARC details
000 -LEADER
campo de control de longitud fija 00657nam a2200217 i 4500
001 - NÚMERO DE CONTROL
campo de control 107905
003 - IDENTIFICADOR DE NÚMERO DE CONTROL
campo de control ES-MaACL
005 - FECHA Y HORA DE LA ÚLTIMA TRANSACCIÓN
campo de control 20260301150741.0
007 - CAMPO FIJO DE DESCRIPCIÓN FÍSICA--INFORMACIÓN GENERAL
campo de control de longitud fija t|
008 - DATOS DE LONGITUD FIJA--INFORMACIÓN GENERAL
campo de control de longitud fija 061121s1966 sp r ||||1| spa d
100 1# - ENTRADA PRINCIPAL--NOMBRE DE PERSONA
Nombre de persona Montaner Anglada, Manuel.
9 (RLIN) 82377
245 10 - MENCIÓN DEL TÍTULO
Título Ingeniería de herramientas /
Mención de responsabilidad, etc. por Manuel Montaner Anglada.
260 ## - PUBLICACIÓN, DISTRIBUCIÓN, ETC.
Lugar de publicación, distribución, etc. Madrid :
Nombre del editor, distribuidor, etc. Ariel,
Fecha de publicación, distribución, etc. [1966]
300 ## - DESCRIPCIÓN FÍSICA
Extensión 365 p. :
Otras características físicas il ;
Dimensiones 25 cm.
490 1# - MENCIÓN DE SERIE
Mención de serie Colección "Acero y Energía"
650 #4 - PUNTO DE ACCESO ADICIONAL DE MATERIA--TÉRMINO DE MATERIA
Término de materia o nombre geográfico como elemento de entrada Práctica de taller.
9 (RLIN) 16334
830 0# - PUNTO DE ACCESO ADICIONAL DE SERIE-TÍTULO UNIFORME
Título uniforme Colección Acero y Energía
9 (RLIN) 232918
852 ## - LOCALIZACIÓN
Ubicación ES-MaACL
Número de control de estantería C-31507
Sublocalización o colección R.62285
852 ## - LOCALIZACIÓN
Ubicación ES-MaACL
Número de control de estantería E-5832
Holdings
Estatus retirado Estado de pérdida Estado de daño No para préstamo Biblioteca de origen Biblioteca actual Ubicación en estantería Fecha de adquisición Fuente de adquisición Total de préstamos Signatura topográfica completa Código de barras Visto por última vez Precio de reemplazo Tipo de ítem Koha
        Biblioteca del Ateneo de Madrid Biblioteca del Ateneo de Madrid Depósito 2 11/01/2018     E-5832 1198242 23/02/2023 23/02/2023 Libro impreso